[Event "Blaszczak Memorial 19th"]
[Site "Wroclaw"]
[Date "2004.??.??"]
[Round "1"]
[White "Goociniak, Maria"]
[Black "Lorenz, Nicole"]
[Result "1/2-1/2"]
[WhiteElo "1925"]
[BlackElo "1800"]
[PlyCount "107"]
[EventDate "2004.06.??"]
[EventType "swiss"]
[EventRounds "6"]
[EventCountry "POL"]
[SourceTitle "EXT 2007"]
[Source "ChessBase"]
[SourceDate "2006.11.23"]
[SourceVersion "1"]
[SourceVersionDate "2006.11.23"]
[SourceQuality "1"]

1. e4 c6 2. d4 d5 3. Nc3 dxe4 4. Nxe4 Bf5 5. Ng3 Bg6 6. h4 h6 7. Nf3 Nd7 8. h5 Bh7 9. Bd3 Bxd3 10. Qxd3 e6 11. Bd2 Qc7 12. 0-0-0 0-0-0 13. Qe2 Bd6 14. Ne4 Bf4 15. g3 Bxd2+ 16. Rxd2 Ngf6 17. Nxf6 gxf6 18. Qe3 Nb6 19. Qb3 Rd7 20. Rd3 Rhd8 21. Qa3 Kb8 22. Qa5 Nc4 23. Qb4 Nb6 24. Qd2 Rh8 25. b3 Qd6 26. Kb2 Nd5 27. a3 Nc7 28. Ka2 Nb5 29. a4 Qa3+ 30. Kb1 Nc7 31. Qf4 Qe7 32. Ka2 Ka8 33. Qd2 Nd5 34. c3 a5 35. Rh4 b5 36. axb5 cxb5 37. Rg4 Ra7 38. Kb2 b4 39. c4 Nc3 40. d5 a4 41. d6 Qd7 42. c5 axb3 43. Rxb4 Ra2+ 44. Kxc3 Rxd2 45. Kxd2 Rb8 46. Rxb8+ Kxb8 47. Rxb3+ Kc8 48. Nd4 Qa4 49. Kc3 Qa5+ 50. Kc4 Qa4+ 51. Rb4 Qa6+ 52. Kb3 Qd3+ 53. Ka4 Qa6+ 54. Kb3 1/2-1/2